Loading...
| Fine Arts - Classical Music | 3 | 13.33 | 100% | 33% | 0% |
| Fine Arts - Other Fine Arts | 5 | 10.00 | 60% | 20% | 20% |
| Fine Arts - Visual Fine Arts | 4 | 7.50 | 25% | 25% | 25% |
| Geography/Current Events | 1 | 30.00 | 100% | 100% | 100% |
| History - American History | 5 | 14.00 | 60% | 60% | 20% |
| History - European History | 3 | 13.33 | 67% | 33% | 33% |
| History - Other History | 3 | 10.00 | 100% | 0% | 0% |
| History - World History | 5 | 12.00 | 100% | 20% | 0% |
| Literature - American Literature | 5 | 16.00 | 100% | 40% | 20% |
| Literature - British Literature | 5 | 20.00 | 80% | 100% | 20% |
| Literature - European Literature | 2 | 15.00 | 100% | 50% | 0% |
| Literature - World/Other Literature | 5 | 16.00 | 100% | 60% | 0% |
| Mythology | 5 | 14.00 | 80% | 40% | 20% |
| Philosophy | 4 | 15.00 | 75% | 50% | 25% |
| Pop Culture | 3 | 26.67 | 100% | 100% | 67% |
| Religion | 3 | 13.33 | 67% | 67% | 0% |
| Science - Biology | 4 | 15.00 | 75% | 50% | 25% |
| Science - Chemistry | 5 | 16.00 | 80% | 80% | 0% |
| Science - Other Science | 4 | 15.00 | 100% | 50% | 0% |
| Science - Physics | 4 | 12.50 | 100% | 25% | 0% |
| Social Science | 2 | 15.00 | 100% | 50% | 0% |
| World/Other Literature> | 1 | 20.00 | 100% | 100% | 0% |